Fichajes Récord de La Liga - Estadísticas

Estadísticas generales
  • Esta prueba ha sido intentada 565 veces
    60 desde el último reinicio
  • La puntuación promedio es 16 de 20
Estadísticas de respuestas
$$$ Temporada Nuevo club Jugador % Correcto
135.000.000 2017/18 FC Barcelona Philippe Coutinho
100%
94.000.000 2009/10 Real Madrid Cristiano Ronaldo
98%
120.800.000 2019/20 Real Madrid Eden Hazard
98%
88.000.000 2013/14 FC Barcelona Neymar
96%
120.000.000 2019/20 FC Barcelona Antoine Griezmann
94%
127.200.000 2019/20 Atlético Madrid João Félix
94%
127.000.000 2023/24 Real Madrid Jude Bellingham
94%
148.000.000 2017/18 FC Barcelona Ousmane Dembélé
94%
101.000.000 2013/14 Real Madrid Gareth Bale
93%
81.720.000 2014/15 FC Barcelona Luis Suárez
85%
75.000.000 2024/25 Atlético Madrid Julián Álvarez
69%
77.500.000 2001/02 Real Madrid Zinédine Zidane
69%
86.000.000 2019/20 FC Barcelona Frenkie De Jong
67%
67.000.000 2009/10 Real Madrid Kaká
67%
69.500.000 2009/10 FC Barcelona Zlatan Ibrahimović
65%
80.000.000 2022/23 Real Madrid Aurélien Tchouaméni
61%
62.500.000 2025/26 Real Madrid Dean Huijsen
61%
75.000.000 2014/15 Real Madrid James Rodríguez
57%
63.000.000 2019/20 Real Madrid Luka Jovic
52%
72.000.000 2018/19 Atlético Madrid Thomas Lemar
37%
No se encontraron pruebas coincidentes
Distribución de puntuación
Porcentaje de gente con cada puntuación
Porcentaje por número respondido
Historial de tus puntuaciones
No has intentado esta prueba desde el último reinicio